| 000 | 00786nam a22002537a 4500 | ||
|---|---|---|---|
| 005 | 20170123162320.0 | ||
| 010 | _aA-845423 | ||
| 020 | _a70.00 | ||
| 035 | _aA-845423 | ||
| 037 | _bCen Lib/Ret | ||
| 040 |
_aDPL _bUR |
||
| 082 |
_aک _bن ف ی |
||
| 100 |
_aنفیس احمد سنبھی _9534 |
||
| 245 |
_aلمحوں کی گرفت / _cنفیس احمد سنبھی |
||
| 246 |
_aLamhon ki giraft / _bby Nafees Ahmad Sanbhi |
||
| 260 |
_aسمبھال _bنفیس احمد سنبھی _c1997 |
||
| 270 |
_bسمبھال _aبیجو سرے |
||
| 300 |
_a120p. _c20cm(Hb) |
||
| 650 |
_aاردو ادب _9116639 |
||
| 650 |
_aاردو افسانے _9116640 |
||
| 650 |
_aUrdu literature _9116641 |
||
| 650 |
_aUrdu stories _9116642 |
||
| 942 |
_2ddc _cUR _hک _mن ف ی |
||
| 999 |
_c107016 _d107016 |
||